MARC details
| 000 -LEADER |
| fixed length control field |
01749cam a2200469Ia 4500 |
| 001 - CONTROL NUMBER |
| control field |
455293 |
| 003 - CONTROL NUMBER IDENTIFIER |
| control field |
GBCCL |
| 005 - DATE AND TIME OF LATEST TRANSACTION |
| control field |
20241126110429.0 |
| 008 - FIXED-LENGTH DATA ELEMENTS--GENERAL INFORMATION |
| fixed length control field |
070726s2005 oku 000 0 eng d |
| 035 ## - SYSTEM CONTROL NUMBER |
| System control number |
(OCoLC)ocn156992212 |
| 035 ## - SYSTEM CONTROL NUMBER |
| System control number |
(OCoLC)156992212 |
| 040 ## - CATALOGING SOURCE |
| Original cataloging agency |
SBI |
| Language of cataloging |
eng |
| Transcribing agency |
SBI |
| Modifying agency |
OCLCG |
| -- |
KAT |
| -- |
OCLCA |
| -- |
OCLCF |
| -- |
OCLCO |
| -- |
OCLCQ |
| -- |
LBB |
| 043 ## - |
| -- |
e-rm--- |
| 049 ## - |
| -- |
LBBA |
| 050 #4 - |
| -- |
BR1608.R8 |
| -- |
W85 2005 |
| 082 ## - DEWEY DECIMAL CLASSIFICATION NUMBER |
| Classification number |
272.7092 |
| Item number |
WUR |
| 090 ## - LOCALLY ASSIGNED LC-TYPE CALL NUMBER (OCLC); LOCAL CALL NUMBER (RLIN) |
| Classification number (OCLC) (R) ; Classification number, CALL (RLIN) (NR) |
BR1608.R8 |
| Local cutter number (OCLC) ; Book number/undivided call number, CALL (RLIN) |
W85 2005 |
| 100 1# - MAIN ENTRY--PERSONAL NAME |
| Personal name |
Wurmbrand, Sabina. |
| 9 (RLIN) |
5058 |
| 245 14 - TITLE STATEMENT |
| Title |
The pastor's wife / |
| Statement of responsibility, etc. |
by Sabina Wurmbrand ; edited by Charles Foley. |
| 250 ## - EDITION STATEMENT |
| Edition statement |
2nd Indian ed. |
| 260 ## - PUBLICATION, DISTRIBUTION, ETC. |
| Place of publication, distribution, etc. |
Haryana : |
| Name of publisher, distributor, etc. |
Love in action, |
| Date of publication, distribution, etc. |
1986 |
| 300 ## - PHYSICAL DESCRIPTION |
| Extent |
223 pages ; |
| Dimensions |
23 cm |
| 336 ## - CONTENT TYPE |
| Content type term |
text |
| Content type code |
txt |
| Source |
rdacontent |
| 337 ## - MEDIA TYPE |
| Media type term |
unmediated |
| Media type code |
n |
| Source |
rdamedia |
| 338 ## - CARRIER TYPE |
| Carrier type term |
volume |
| Carrier type code |
nc |
| Source |
rdacarrier |
| 600 10 - SUBJECT ADDED ENTRY--PERSONAL NAME |
| Personal name |
Wurmbrand, Sabina. |
| 9 (RLIN) |
5058 |
| 600 17 - SUBJECT ADDED ENTRY--PERSONAL NAME |
| Personal name |
Wurmbrand, Sabina. |
| Source of heading or term |
fast |
| Authority record control number or standard number |
(OCoLC)fst00340757 |
| 9 (RLIN) |
5058 |
| 650 #0 - SUBJECT ADDED ENTRY--TOPICAL TERM |
| Topical term or geographic name entry element |
Persecution |
| Geographic subdivision |
Romania. |
| 9 (RLIN) |
5059 |
| 650 #0 - SUBJECT ADDED ENTRY--TOPICAL TERM |
| Topical term or geographic name entry element |
Communism and Christianity |
| Geographic subdivision |
Romania. |
| 9 (RLIN) |
5060 |
| 650 #0 - SUBJECT ADDED ENTRY--TOPICAL TERM |
| Topical term or geographic name entry element |
Spouses of clergy |
| Geographic subdivision |
Romania |
| Form subdivision |
Biography. |
| 9 (RLIN) |
5061 |
| 650 #0 - SUBJECT ADDED ENTRY--TOPICAL TERM |
| Topical term or geographic name entry element |
Political prisoners |
| Geographic subdivision |
Romania |
| Form subdivision |
Biography. |
| 9 (RLIN) |
5055 |
| 650 #0 - SUBJECT ADDED ENTRY--TOPICAL TERM |
| Topical term or geographic name entry element |
Jewish Christians |
| Geographic subdivision |
Romania |
| Form subdivision |
Biography. |
| 9 (RLIN) |
5062 |
| 650 #7 - SUBJECT ADDED ENTRY--TOPICAL TERM |
| Topical term or geographic name entry element |
Communism and Christianity. |
| Source of heading or term |
fast |
| Authority record control number or standard number |
(OCoLC)fst00870466 |
| 9 (RLIN) |
2557 |
| 650 #7 - SUBJECT ADDED ENTRY--TOPICAL TERM |
| Topical term or geographic name entry element |
Jewish Christians. |
| Source of heading or term |
fast |
| Authority record control number or standard number |
(OCoLC)fst00982625 |
| 9 (RLIN) |
5063 |
| 650 #7 - SUBJECT ADDED ENTRY--TOPICAL TERM |
| Topical term or geographic name entry element |
Persecution. |
| Source of heading or term |
fast |
| Authority record control number or standard number |
(OCoLC)fst01058354 |
| 9 (RLIN) |
2188 |
| 650 #7 - SUBJECT ADDED ENTRY--TOPICAL TERM |
| Topical term or geographic name entry element |
Political prisoners. |
| Source of heading or term |
fast |
| Authority record control number or standard number |
(OCoLC)fst01069636 |
| 9 (RLIN) |
5064 |
| 650 #7 - SUBJECT ADDED ENTRY--TOPICAL TERM |
| Topical term or geographic name entry element |
Spouses of clergy. |
| Source of heading or term |
fast |
| Authority record control number or standard number |
(OCoLC)fst01130850 |
| 9 (RLIN) |
4388 |
| 651 #7 - SUBJECT ADDED ENTRY--GEOGRAPHIC NAME |
| Geographic name |
Romania. |
| Source of heading or term |
fast |
| Authority record control number or standard number |
(OCoLC)fst01205085 |
| 9 (RLIN) |
5065 |
| 655 #7 - INDEX TERM--GENRE/FORM |
| Genre/form data or focus term |
Biography. |
| Source of term |
fast |
| Authority record control number or standard number |
(OCoLC)fst01423686 |
| 9 (RLIN) |
5066 |
| 700 1# - ADDED ENTRY--PERSONAL NAME |
| Personal name |
Foley, Charles, |
| Dates associated with a name |
1908-1995. |
| 9 (RLIN) |
5057 |
| 942 ## - ADDED ENTRY ELEMENTS (KOHA) |
| Source of classification or shelving scheme |
Dewey Decimal Classification |
| Koha item type |
Books |
| Koha issues (borrowed), all copies |
1 |